| 000 | 00617nam a22001817a 4500 | ||
|---|---|---|---|
| 999 |
_c168451 _d168451 |
||
| 005 | 20191009161833.0 | ||
| 010 | _aENG-126627 | ||
| 020 |
_a9789353286095 _c450.00 |
||
| 035 | _aEN-110159 | ||
| 037 | _bDBAD/PUB | ||
| 082 | _a808.51 | ||
| 100 | _aWentz, Lisa | ||
| 245 |
_aGrace under pressure : _cby Ratna and Suhasini Vira _ba masterclass in public speaking / |
||
| 260 |
_aNew Delhi _bSAGE Publications _c2019 |
||
| 270 |
_aB1/1-1, Mohan Cooperative Industrial Area _bMathura Road, Post Bag 7 _e110044 _mmarketing@sagepub.in |
||
| 300 |
_axvii,207p. _c22cm(pbk) |
||
| 942 |
_2ddc _cEN _h808.51 _mWEN |
||